[Event "BCF-ch U14"]
[Site "Hull"]
[Date "2024.07.28"]
[Round "1"]
[White "Ratcliffe, James"]
[Black "Ding, Yiwen"]
[Result "1/2-1/2"]
[WhiteElo "1675"]
[BlackElo "1823"]
[PlyCount "63"]
[EventDate "2024.07.28"]
[EventType "swiss"]
[EventRounds "7"]
[EventCountry "ENG"]
[SourceTitle "EXT 2025"]
[Source "ChessBase"]
[SourceDate "2024.10.14"]
[SourceVersion "1"]
[SourceVersionDate "2024.10.14"]
[SourceQuality "1"]

1. d4 Nf6 2. c4 e6 3. Nf3 d5 4. Nc3 Be7 5. e3 0-0 6. Bd3 a6 7. b3 b6 8. 0-0 Bb7 9. Qc2 Nbd7 10. Ne5 Re8 11. cxd5 exd5 12. f4 h6 13. Ne2 Ne4 14. Bxe4 dxe4 15. Qc4 Nxe5 16. fxe5 Bd5 17. Qc2 Rc8 18. Ng3 c5 19. Qb1 cxd4 20. exd4 Bb7 21. Bb2 Qd5 22. Nf5 Rc7 23. Ne3 Qe6 24. Qd1 Bg5 25. Qe2 Rec8 26. Rac1 Bxe3+ 27. Qxe3 Rxc1 28. Bxc1 Rc2 29. Rf2 Qc6 30. Rxc2 Qxc2 31. Qd2 Qc6 32. Qe3 1/2-1/2

[Event "BCF-ch U14 rapid"]
[Site "Hull"]
[Date "2024.07.27"]
[Round "9"]
[White "Chapman, Luke"]
[Black "Ratcliffe, James"]
[Result "1/2-1/2"]
[WhiteElo "1651"]
[BlackElo "1607"]
[PlyCount "124"]
[EventDate "2024.07.26"]
[EventType "swiss (rapid)"]
[EventRounds "9"]
[EventCountry "ENG"]
[SourceTitle "CBM 221 Extra"]
[Source "ChessBase"]
[SourceDate "2024.09.30"]
[SourceVersion "1"]
[SourceVersionDate "2024.09.30"]
[SourceQuality "1"]

1. e4 e5 2. Nc3 Nc6 3. Bc4 Nf6 4. d3 h6 5. f4 Be7 6. Nf3 d6 7. f5 Na5 8. 0-0 Nxc4 9. dxc4 c6 10. Qd3 0-0 11. b3 Ng4 12. Be3 Nxe3 13. Qxe3 Re8 14. Rad1 Bf6 15. g4 b6 16. Rf2 Qc7 17. Rfd2 Rd8 18. h4 Be7 19. g5 hxg5 20. hxg5 d5 21. Na4 b5 22. f6 Bf8 23. fxg7 Be7 24. g6 fxg6 25. Qh6 Bf6 26. Qh8+ Kf7 27. Qh7 Rg8 28. Rf1 Rxg7 29. Ng5+ Ke7 30. Qxg7+ Bxg7 31. Rf7+ Kd8 32. Rxc7 Kxc7 33. Nc5 Kd6 34. Nd3 bxc4 35. bxc4 d4 36. c5+ Ke7 37. Rf2 Bf6 38. Nh7 Bh8 39. Nf8 Bf5 40. exf5 Rxf8 41. fxg6 Rxf2 42. Kxf2 e4 43. Nb4 Kd7 44. a4 a5 45. Na2 Ke6 46. Nc1 Kf6 47. Nb3 Kxg6 48. Nxa5 Kf6 49. Nxc6 Ke6 50. Nb4 Kd7 51. Ke2 Kc7 52. a5 Kb7 53. a6+ Ka7 54. c6 Be5 55. Kd2 Bd6 56. c3 dxc3+ 57. Kxc3 Bxb4+ 58. Kxb4 Kb6 59. a7 Kxa7 60. Kc5 Kb8 61. Kd4 Kc7 62. Kxe4 Kxc6 1/2-1/2

[Event "BCF-ch U14 rapid"]
[Site "Hull"]
[Date "2024.07.26"]
[Round "5"]
[White "Mittal, Advik"]
[Black "Ratcliffe, James"]
[Result "1/2-1/2"]
[WhiteElo "1693"]
[BlackElo "1607"]
[PlyCount "59"]
[EventDate "2024.07.26"]
[EventType "swiss (rapid)"]
[EventRounds "9"]
[EventCountry "ENG"]
[SourceTitle "CBM 221 Extra"]
[Source "ChessBase"]
[SourceDate "2024.09.30"]
[SourceVersion "1"]
[SourceVersionDate "2024.09.30"]
[SourceQuality "1"]

1. d4 Nf6 2. Bf4 d5 3. Nf3 c5 4. e3 Nc6 5. Nc3 cxd4 6. exd4 Bg4 7. Bb5 e6 8. h3 Bxf3 9. Qxf3 Bd6 10. Bg3 a6 11. Bxc6+ bxc6 12. Qd3 0-0 13. 0-0 Bxg3 14. fxg3 Re8 15. Rae1 Qd6 16. Re5 Nd7 17. Rh5 h6 18. g4 Nf6 19. Re5 c5 20. g5 Nd7 21. Re2 hxg5 22. Qf3 f6 23. dxc5 Qxc5+ 24. Kh1 Rab8 25. Na4 Qd4 26. b3 Ne5 27. Qf2 Qb4 28. Rxe5 fxe5 29. Qf7+ Kh8 30. Qh5+ 1/2-1/2

[Event "BCF-ch U14 rapid"]
[Site "Hull"]
[Date "2024.07.26"]
[Round "3"]
[White "Ratcliffe, James"]
[Black "Ding, Yiwen"]
[Result "0-1"]
[WhiteElo "1607"]
[BlackElo "1741"]
[PlyCount "92"]
[EventDate "2024.07.26"]
[EventType "swiss (rapid)"]
[EventRounds "9"]
[EventCountry "ENG"]
[SourceTitle "CBM 221 Extra"]
[Source "ChessBase"]
[SourceDate "2024.09.30"]
[SourceVersion "1"]
[SourceVersionDate "2024.09.30"]
[SourceQuality "1"]

1. e4 c5 2. Nf3 d6 3. d4 cxd4 4. Nxd4 Nf6 5. Nc3 a6 6. Bg5 e6 7. f4 Be7 8. Qf3 Qc7 9. 0-0-0 Bd7 10. g4 Nc6 11. Kb1 Nxd4 12. Rxd4 b5 13. e5 Bc6 14. Ne4 Bxe4 15. Rxe4 Nxe4 16. Qxe4 d5 17. Qe3 Bxg5 18. fxg5 Rc8 19. Bd3 Qc5 20. Qf4 Qc7 21. h4 Rf8 22. Rf1 g6 23. h5 Qe7 24. Rh1 Kd7 25. Qe3 Qc5 26. Qd2 Qc6 27. Qb4 Qc5 28. Qd2 Ke7 29. Qf4 Kd7 30. Qd2 d4 31. Qf4 Ke7 32. Qf6+ Kd7 33. Qg7 Qd5 34. Rf1 Kc6 35. Re1 Kb6 36. Qxh7 Qg2 37. hxg6 fxg6 38. Be4 Qd2 39. Qb7+ Ka5 40. Rc1 Qxg5 41. a3 Ra8 42. Ka2 Qxc1 43. b4+ Ka4 44. Qb6 Qxa3+ 45. Kb1 Qxb4+ 46. Kc1 Rf1# 0-1

[Event "BCF-ch U14 blitz"]
[Site "Hull"]
[Date "2024.07.25"]
[Round "1"]
[White "Ratcliffe, James"]
[Black "Catabay, Mae Katelyn Rose"]
[Result "1-0"]
[WhiteElo "1069"]
[BlackElo "1709"]
[PlyCount "119"]
[EventDate "2024.07.25"]
[EventType "swiss (blitz)"]
[EventRounds "9"]
[EventCountry "ENG"]
[SourceTitle "CBM 221 Extra"]
[Source "ChessBase"]
[SourceDate "2024.09.30"]
[SourceVersion "1"]
[SourceVersionDate "2024.09.30"]
[SourceQuality "1"]

1. e4 e5 2. Nf3 Nf6 3. Nc3 Nc6 4. Bb5 d6 5. d3 Be6 6. 0-0 Be7 7. h3 0-0 8. Re1 a6 9. Bxc6 bxc6 10. d4 exd4 11. Nxd4 Qd7 12. f4 Qe8 13. Kh1 c5 14. Nf3 Bd7 15. e5 dxe5 16. Nxe5 Rd8 17. Qf3 c6 18. Nxd7 Qxd7 19. Be3 Nd5 20. Rad1 Qb7 21. Nxd5 cxd5 22. b3 Qd7 23. c3 Bf6 24. Bxc5 Rfe8 25. Rxe8+ Qxe8 26. Rxd5 Rxd5 27. Qxd5 Bxc3 28. Qd3 Be1 29. Qxa6 Qd8 30. Qe2 Bg3 31. Qf1 Bh4 32. Bf2 Bf6 33. Kh2 Qc7 34. g3 Qc2 35. Qe1 g6 36. Kg2 Qc6+ 37. Kg1 Qf3 38. Qe3 Qd1+ 39. Kg2 Qd5+ 40. Kh2 Qa5 41. Qe8+ Kg7 42. Qe2 Qa8 43. a4 Qb7 44. Qc2 Qd5 45. Qc4 Qd2 46. Kg2 Qb2 47. b4 Qb1 48. b5 Qd1 49. b6 Qd7 50. Qc7 Qd5+ 51. Kg1 Qd1+ 52. Kh2 Qe2 53. Qc5 Qa2 54. b7 Qb2 55. a5 Qxb7 56. Qb6 Qa8 57. a6 Bd8 58. Qb7 Qxb7 59. axb7 Bc7 60. Ba7 1-0

[Event "BCF-ch U14 blitz"]
[Site "Hull"]
[Date "2024.07.25"]
[Round "7"]
[White "Ratcliffe, James"]
[Black "Chapman, Luke"]
[Result "0-1"]
[WhiteElo "1069"]
[BlackElo "1651"]
[PlyCount "94"]
[EventDate "2024.07.25"]
[EventType "swiss (blitz)"]
[EventRounds "9"]
[EventCountry "ENG"]
[SourceTitle "CBM 221 Extra"]
[Source "ChessBase"]
[SourceDate "2024.09.30"]
[SourceVersion "1"]
[SourceVersionDate "2024.09.30"]
[SourceQuality "1"]

1. e4 e6 2. d4 d5 3. e5 c5 4. c3 Nc6 5. Nf3 Qb6 6. Be2 cxd4 7. cxd4 Nge7 8. Na3 Nf5 9. Nc2 Bd7 10. 0-0 g6 11. a3 a5 12. Rb1 Bg7 13. Be3 Nxe3 14. fxe3 0-0 15. Kh1 Qd8 16. Nce1 Ne7 17. Nc2 Rc8 18. Bd3 b6 19. e4 dxe4 20. Bxe4 Nd5 21. Bxd5 exd5 22. Ne3 Be6 23. Qb3 Rc6 24. Rbc1 Qc7 25. Rxc6 Qxc6 26. Qc2 Rc8 27. Qd3 b5 28. Ng5 b4 29. Nxe6 fxe6 30. axb4 axb4 31. Ng4 Rf8 32. Rxf8+ Kxf8 33. h3 Qc1+ 34. Kh2 h5 35. Nf6 Bxf6 36. exf6 Qf4+ 37. Kh1 Qxf6 38. Qb5 Qxd4 39. Qb8+ Kf7 40. Qc7+ Kf6 41. Qd8+ Kf5 42. Qf8+ Ke5 43. Qb8+ Ke4 44. Qg8 Qf6 45. Qb8 Qxb2 46. Qd6 Qc1+ 47. Kh2 Qf4+ 0-1